000
00258nam a22000977a 4500
999
_c
11661
_d
11661
008
191122b ||||| |||| 00| 0 eng d
020
_a
9789380278551
100
_a
Baum Frank
_9
7363
245
_a
The Wonderful Wizard Of Oz
260
_a
New Delhi
_b
Paper Clip
_c
2019